| 000 | 00569nam a2200205Ia 4500 | ||
|---|---|---|---|
| 003 | GCL | ||
| 008 | 140319s9999 xx 000 0 eng d | ||
| 040 |
_aGCL / _cGCL |
||
| 082 | 0 | 4 |
_a305.231 _bS U |
| 100 | 1 | _aSCHICKEDENG, DAVID J | |
| 245 | 1 | 0 |
_aUNDERSTANDING CHILDREN / _cSCHICKEDENG, DAVID J |
| 700 | 1 | _aHASEN, KAREN | |
| 700 | 1 | _aFORSYTH, PEGGY D. | |
| 700 | 1 | _aSCHICKEDANG, JUDITH A. | |
| 260 |
_a[S.N] : _bMAYFIELD PUBLISHING COMPANY ، _c1993 |
||
| 650 | 0 | 4 | _aCHILD PSYCHOLOGY |
| 650 | 0 | 4 | _aADOLESCENCE |
| 650 | 0 | 4 | _aCHILD - DEVELOPMENT |
| 942 |
_2ddc _cBK |
||
| 999 |
_c23755 _d23755 |
||